| 000 | 00605nam a2200241 a 4500 | ||
|---|---|---|---|
| 001 | nice12345678 | ||
| 003 | IN_TiNIC | ||
| 005 | 20260116011845.0 | ||
| 008 | 050524s1970 boma grp 000 0 eng | ||
| 020 |
_a _c5 |
||
| 082 | 0 | 0 |
_a232.91 _bSUB |
| 100 | _aSubhan, John A | ||
| 245 | _aVirgin Mary in Catholic Belief and in Protestant Thought | ||
| 260 |
_aBombay _bSt.Paul Publications _c1970 |
||
| 300 | _a293p | ||
| 500 | _aincludes index and biblioraphy | ||
| 505 | 2 | _aNotes | |
| 650 | _aMary-Blessed Virgin | ||
| 700 | 1 | _aSubhan, John A | |
| 902 | _bSRS | ||
| 942 | _cBK | ||
| 999 |
_c4487 _d4487 |
||